000 01505nam a2200361 c 4500
999 _c115758
_d115758
003 BLK
005 20210604154620.0
008 180409b bul|||||r ||||||| ||bul||
010 _aKNG00121254000
040 _aBLK
041 _aBUL
_cBUL
080 _aКиноизкуство. Кинофилми
_b791.43
_z791.43
139 _aВ света на киното
_bВ 11
245 1 0 _aВ света на киното
_bИл. справочник в 3 т.
_cсъстав. Александър Александров; науч. ред. Тодор Андрейков.
_nТ. 1
257 _aBGR
260 _bНар. просв.
_c1982 -
300 _c30 см
380 _a7
650 4 _aКино
_9158500
650 4 _aКино - енциклопедии и справочници
_9277599
653 _aкино
653 _aсправочници
653 _aфилми
653 _aсвят
700 1 _aАлександров, Александър
_eсъстав.
_gТенев, Теньо Динев
_9363341
700 1 _aАндрейков, Тодор
_eнауч. ред.
_9314322
760 1 _d1983
_h549 с. : с ил., портр.
_nСъдърж. Речник на кинематогр. термини. - Библиогр. с. 521-549
_tТ. 1
852 _aЦб ІІ 6299
856 4 _qpdf
856 4 _qpdf
942 _cKNG
_n0
_s1
944 _aCR
_c08.02.2011
_lдобави в АБ / 07.02.2011
_kИрена_Линкова
944 _aED
_c14.01.2015
_lдобави в АБ / 07.02.2011
_kИрена_Линкова
999 _d115758